Statistics for Friends main characters in 15 seconds

Click here to take the quiz!

General Stats

  • This quiz has been taken 57 times
  • The average score is 6 of 6

Answer Stats

Answer% Correct
Rachel
98%
Ross
98%
Monica
94%
Phoebe
94%
Joey
88%
Chandler
85%

Score Distribution

Percentile by Number Answered

Percent of People with Each Score

Your Score History

You have not taken this quiz